| 000 | 01088nam a22002295i 4500 | ||
|---|---|---|---|
| 001 | 163882 | ||
| 003 | ES-MaACL | ||
| 005 | 20240206170156.0 | ||
| 008 | 950206s1884 sp a 001 0 spa d | ||
| 100 | 1 |
_aRojas y Caballero Infante, Francisco de Paula. _999083 |
|
| 245 | 1 | 0 |
_aElementos de electrodinámica industrial necesarios para comprender las actuales aplicaciones de la electricidad al alumbrado eléctrico... / _cpor Francisco de P. Rojas y Caballero Infante. |
| 260 |
_aBarcelona : _b[s.n.], _c1884 ( _fEst. Tip. de José Miret) |
||
| 300 |
_a1 v. (pag. var.) : _bil. ; _c32 cm. |
||
| 530 | _aDisponible en formato digital. | ||
| 597 | _aObra compuesta de 6 cuadernos; cada uno de ellos con paginación propia. | ||
| 650 | 4 |
_aElectrodinámica. _9135969 |
|
| 650 | 7 |
_aIluminación eléctrica _2embne _9235076 |
|
| 852 | 4 |
_aES-MaACL _jB-1473 _z- Enc. ed. en tela |
|
| 856 | 4 |
_uhttp://cataleg.upc.edu/record=b1039596 _zMemòria Digital de Catalunya |
|
| 856 | 4 |
_uhttp://hdl.handle.net/2117/118257 _zMemòria Digital de Catalunya |
|
| 999 |
_c163882 _d163882 |
||